Welcome to WEB OPAC of MRSPTU Central Library

Essentials of Medical Physiology (Record no. 7238)

MARC details
000 -LEADER
fixed length control field 00461nam a2200181Ia 4500
008 - FIXED-LENGTH DATA ELEMENTS--GENERAL INFORMATION
fixed length control field 230711s9999||||xx |||||||||||||| ||und||
020 ## - INTERNATIONAL STANDARD BOOK NUMBER
International Standard Book Number 978-93-85999-11-6
041 ## - LANGUAGE CODE
Language code of text/sound track or separate title ENG
082 ## - DEWEY DECIMAL CLASSIFICATION NUMBER
Classification number 612
Item number SE-E
100 ## - MAIN ENTRY--PERSONAL NAME
Personal name Sembulingam,K
245 #0 - TITLE STATEMENT
Title Essentials of Medical Physiology
250 ## - EDITION STATEMENT
Edition statement 7th Ed.
260 ## - PUBLICATION, DISTRIBUTION, ETC.
Date of publication, distribution, etc. 2016
Place of publication, distribution, etc. New Delhi
Name of publisher, distributor, etc. Jaypee The Health Sciences Publishers
300 ## - PHYSICAL DESCRIPTION
Extent 1112p.
650 ## - SUBJECT ADDED ENTRY--TOPICAL TERM
Topical term or geographic name entry element Pharmacy
700 ## - ADDED ENTRY--PERSONAL NAME
Personal name Sembulingam,Prema
942 ## - ADDED ENTRY ELEMENTS (KOHA)
Koha item type Book
Holdings
Withdrawn status Lost status Damaged status Not for loan Collection Home library Current library Date acquired Source of acquisition Cost, normal purchase price Inventory number Total checkouts Full call number Barcode Date last seen Price effective from Koha item type
          MRSPTU Central Library MRSPTU Central Library 10/01/2043 Krishna Book Distributors 1350.00 KBD/2017-2018/1020343059   612 SE-E P484 08/17/2023 08/17/2023 Book
          MRSPTU Central Library MRSPTU Central Library 10/01/2043 Krishna Book Distributors 1350.00 KBD/2017-2018/1020343059   612 SE-E P485 08/17/2023 08/17/2023 Book
          MRSPTU Central Library MRSPTU Central Library   Krishna Book Distributors 1695.00 KBD/19-20/1122543616   612 SE-E P1634 08/17/2023 08/17/2023 Book
          MRSPTU Central Library MRSPTU Central Library   Krishna Book Distributors 1695.00 KBD/19-20/1122543616   612 SE-E P1635 08/17/2023 08/17/2023 Book
          MRSPTU Central Library MRSPTU Central Library   Krishna Book Distributors 1695.00 KBD/19-20/1122543616   612 SE-E P1636 08/17/2023 08/17/2023 Book
          MRSPTU Central Library MRSPTU Central Library   Krishna Book Distributors 1695.00 KBD/19-20/1122543616   612 SE-E P1637 08/17/2023 08/17/2023 Book
          MRSPTU Central Library MRSPTU Central Library   Krishna Book Distributors 1695.00 KBD/19-20/1122543616   612 SE-E P1638 08/17/2023 08/17/2023 Book

Website Designed and Developed by MRSPTU Central Library Team

E-mail Id: librarian@mrsptu.ac.in